Normal view
MARC view
Entry Personal Name
001 - CONTROL NUMBER
- control field: 12854
003 - CONTROL NUMBER IDENTIFIER
- control field: ARRUPE
005 - DATE AND TIME OF LATEST TRANSACTION
- control field: 20141126123616.0
008 - FIXED-LENGTH DATA ELEMENTS
- fixed length control field: 141126|| aca||aabn | a|a d
040 ## - CATALOGING SOURCE
- Original cataloging agency: ARRUPE
- Transcribing agency: ARRUPE
100 ## - HEADING--PERSONAL NAME
- Personal name: Williamson, Hugh Albert Fordyce,
- Dates associated with a name: 1918-
670 ## - SOURCE DATA FOUND
- Source citation: Work cat.: (ARRUPE)0: Williamson, Hugh Albert Fordyce, 1918-, Methods of book design: the practice of an industrial craft, 1966.